000 00287nam a22001217a 4500
008 180109b xxu||||| |||| 00| 0 eng d
041 _aeng
080 _a33
100 _a59
101 _aeco
245 _aan inquiry into the poverty of economics
_cjameson.w
942 _2udc
_cBK
999 _c39873
_d39873